00459cas a22001813i 450000100090000000300050000900500170001400800410003102200140007202200140008603800110010008200090011124500390012026400300015933600260018933700260021533800360024120841113NUST20191120111857.0190206cuuuu9999gw || | 0 0eng  a1069-031X l1069-031X anasira a000000aJournal of International Marketing 1aThousand Oaks, CA :bSage atextbtxt2rdacontent acomputerbc2rdamedia aonline resourcebcr2rdacarrier